Who Am I? Television Characters Quiz Stats

Quiz Updated Dec 9, 2015

Challenge
Share
Tweet
Embed
Score 0/24 Timer 06:00
11 Plays Today
% Correct
Miss Piggy
95.8%
Tony Soprano
92.8%
Lassie
92.5%
Arthur Fonzarelli
91.3%
Phoebe Buffay
91.2%
Buffy Summers
83%
Dana Scully
82.6%
J.R. Ewing
81%
Barney Stinson
79.7%
Kenny McCormick
79.1%
Don Draper
74.2%
Hawkeye Pierce
73.6%
% Correct
Frasier Crane
73.3%
Fred Sanford
72.1%
Basil Fawlty
70.9%
Cookie Lyon
70.6%
Murphy Brown
68.9%
Louise Jefferson
68.7%
Edith Bunker
68.6%
James T. Kirk
68.3%
Joe Friday
66.4%
Sun-Hwa Kwon
63.2%
Lucy Ricardo
62.5%
Mary Richards
58.2%

You're not logged in!

Compare scores with friends on all Sporcle quizzes.
Join for Free
OR
Log In

You Might Also Like...

Show Comments

Extras

Top Quizzes Today


Score Distribution

Your Account Isn't Verified!

In order to create a playlist on Sporcle, you need to verify the email address you used during registration. Go to your Sporcle Settings to finish the process.

Report this User

Report this user for behavior that violates our Community Guidelines.

Details: